<?xml version="1.0" encoding="UTF-8"?><?xml-stylesheet type="text/xsl" href="static/style.xsl"?><OAI-PMH xmlns="http://www.openarchives.org/OAI/2.0/" xmlns:xsi="http://www.w3.org/2001/XMLSchema-instance" xsi:schemaLocation="http://www.openarchives.org/OAI/2.0/ http://www.openarchives.org/OAI/2.0/OAI-PMH.xsd"><responseDate>2026-04-29T10:20:50Z</responseDate><request verb="GetRecord" identifier="oai:riubu.ubu.es:10259/8784" metadataPrefix="marc">https://riubu.ubu.es/oai/request</request><GetRecord><record><header><identifier>oai:riubu.ubu.es:10259/8784</identifier><datestamp>2024-03-09T01:05:21Z</datestamp><setSpec>com_10259_6688</setSpec><setSpec>com_10259_5086</setSpec><setSpec>com_10259_2604</setSpec><setSpec>com_10259_4219</setSpec><setSpec>col_10259_6689</setSpec><setSpec>col_10259_4220</setSpec></header><metadata><record xmlns="http://www.loc.gov/MARC21/slim" xmlns:doc="http://www.lyncode.com/xoai" xmlns:xsi="http://www.w3.org/2001/XMLSchema-instance" xmlns:dcterms="http://purl.org/dc/terms/" xsi:schemaLocation="http://www.loc.gov/MARC21/slim http://www.loc.gov/standards/marcxml/schema/MARC21slim.xsd">
<leader>00925njm 22002777a 4500</leader>
<datafield tag="042" ind1=" " ind2=" ">
<subfield code="a">dc</subfield>
</datafield>
<datafield tag="720" ind1=" " ind2=" ">
<subfield code="a">Castrillo Fraile, Mª Victoria</subfield>
<subfield code="e">author</subfield>
</datafield>
<datafield tag="720" ind1=" " ind2=" ">
<subfield code="a">Casas Peña, Elena</subfield>
<subfield code="e">author</subfield>
</datafield>
<datafield tag="720" ind1=" " ind2=" ">
<subfield code="a">Trejo Gabriel y Galán, José Mª</subfield>
<subfield code="e">author</subfield>
</datafield>
<datafield tag="720" ind1=" " ind2=" ">
<subfield code="a">Delgado López, Pedro David</subfield>
<subfield code="e">author</subfield>
</datafield>
<datafield tag="720" ind1=" " ind2=" ">
<subfield code="a">Collazo Riobó, Carla</subfield>
<subfield code="e">author</subfield>
</datafield>
<datafield tag="720" ind1=" " ind2=" ">
<subfield code="a">Cubo Delgado, Esther</subfield>
<subfield code="e">author</subfield>
</datafield>
<datafield tag="260" ind1=" " ind2=" ">
<subfield code="c">2019-12</subfield>
</datafield>
<datafield tag="520" ind1=" " ind2=" ">
<subfield code="a">Background: There is a growing interest in nonpharmacological approaches for essential tremor (ET), including tremor cancelation devices. However, the true efficacy of such devices in ET remains unclear.&#xd;
&#xd;
Methods: A systematic literature review was conducted using standardized criteria regarding efficacy and comfortability. Devices focused on design or experimental testing in which tremor was simulated in a robot were excluded.&#xd;
&#xd;
Results: Out of 324 articles initially identified, 12 articles were included. Orthoses using biomechanical loading and neuromodulation with electrical stimulation, and external tremor cancelation devices, were the main interventions used to suppress tremor. All devices were designed to control tremor of the upper limbs at different anatomical locations. Overall, an average tremor attenuation of 50–98% was reported (level of evidence III). Interference with voluntary movements and portability was described as the main drawback.&#xd;
Discussion: In conclusion, this review highlights the growing interest in emerging tremor control devices and the importance of assessing comfort without affecting voluntary movements. However, the level of evidence regarding the efficacy of these tremor control devices remains low. An integrated multidisciplinary combination approach of engineering, robotics, physiology, physiotherapy, and clinical assessment is needed to improve the quality of non-pharmacological interventions for ET.</subfield>
</datafield>
<datafield tag="024" ind2=" " ind1="8">
<subfield code="a">http://hdl.handle.net/10259/8784</subfield>
</datafield>
<datafield tag="024" ind2=" " ind1="8">
<subfield code="a">10.5334/tohm.511</subfield>
</datafield>
<datafield tag="024" ind2=" " ind1="8">
<subfield code="a">2160-8288</subfield>
</datafield>
<datafield ind1=" " ind2=" " tag="653">
<subfield code="a">Essential tremor</subfield>
</datafield>
<datafield ind1=" " ind2=" " tag="653">
<subfield code="a">Voluntary movement</subfield>
</datafield>
<datafield ind1=" " ind2=" " tag="653">
<subfield code="a">Devices</subfield>
</datafield>
<datafield ind1=" " ind2=" " tag="653">
<subfield code="a">Neuroprosthesis</subfield>
</datafield>
<datafield ind1=" " ind2=" " tag="653">
<subfield code="a">Orthosis</subfield>
</datafield>
<datafield ind1=" " ind2=" " tag="653">
<subfield code="a">Upper limb</subfield>
</datafield>
<datafield tag="245" ind1="0" ind2="0">
<subfield code="a">Tremor Control Devices for Essential Tremor: A Systematic Literature Review</subfield>
</datafield>
</record></metadata></record></GetRecord></OAI-PMH>